| 000 | 00793nam a22002177a 4500 | ||
|---|---|---|---|
| 003 | 0 | ||
| 005 | 20250830133544.0 | ||
| 008 | 250830b xxu||||| |||| 00| 0 eng d | ||
| 020 | _a978-1-350-34435-8 | ||
| 050 |
_aR 724 _b.B46 2025 |
||
| 100 |
_aBennett, Rebecca, _eauthor. |
||
| 245 |
_aThe Welfare of future children : _breproductive ethics and disability screening / _cRebecca Bennett. |
||
| 260 |
_aLondon : _bBloomsbury Academic, _c2025. |
||
| 300 |
_axii, 202 pages ; _c22 cm. |
||
| 504 | _aIncludes bibliographical references and index. | ||
| 650 | _aReproductive ethics. | ||
| 650 |
_aPrenatal diagnosis _xMoral and ethical aspects. |
||
| 650 |
_aGenetic screening _xMoral and ethical aspects. |
||
| 650 |
_aChildren with disabilities _xMoral and ethical aspects. |
||
| 942 |
_2lcc _cBK |
||
| 999 |
_c367719 _d367719 |
||